BIBLIOTHÈQUE DE LA MAISON DU MEXIQUE

Logo 1 Logo 2

La revolución hacendaria (notice nᵒ 9777)

détails MARC
000 -Sello discográfico
campo de control de longitud fija 01039nam a2200313 4500
005 - Identificación de versión
campo de control 20251016082603.0
035 ## - Otros números de control del sistema
Número de control del sistema 10535
099 ## - fechas locales
Tipo de ítem Koha LIBRO
100 ## - Datos de procesamiento general
Datos de procesamiento general 20000529d1976 m y1spay5003 ba
105 ## - Campo de datos codificados: Material textual, monográfico
Datos codificados de monografía y 001zy
200 1# - Título y mención de responsabilidad
Título propio La revolución hacendaria
Designación general del material texto impreso
Otra información del título la hacienda pública con el presidente Calles
Primer mención de responsabilidad José Iturriaga de la Fuente
205 ## - Declaración de edición
Declaración de edición 1a ed
210 ## - Publicación, distribución, etc.
Lugar de publicación, distribución, etc. México
Nombre del editor, distribuidor, etc. Secretaría de Eduación Pública
Fecha de publicación, distribución, etc. 1976
215 ## - Descripción física
Designación de material específico y extensión del ítem 191 p
Dimensiones 17 cm
345 ## - Nota de información de adquisición
Fuente de adquisición/dirección de la suscripción [OBSOLETO] Donación
410 #1 - Series
Título SepSetentas
Número de volumen 282
606 ## - Término temático usado como materia
Elemento de entrada Finanzas públicas
Subdivisión geográfica México
Subdivisión temática Historia
Número Koha 2280
606 ## - Término temático usado como materia
Elemento de entrada Política fiscal
Subdivisión temática Historia
Subdivisión geográfica México
Número Koha 16204
606 ## - Término temático usado como materia
Elemento de entrada Política monetaria
Subdivisión geográfica México
Subdivisión temática Historia
Número Koha 16205
660 ## - Código de área geográfica
Código MX
700 ## - Nombre personal - Responsabilidad primaria
Elemento de entrada Iturriaga de la Fuente
Parte del nombre distinta del elemento de entrada José N.
Fechas 1946-
Número Koha 2831
801 #0 - Fuente de origen
Agencia cm
900 ## -
-- 1/444
900 ## -
-- 7100012225\290500
942 ## - ELEMENTOS DE ENTRADA SECUNDARIOS (KOHA)
Tipo de ítem Koha Livre
996 ## -
-- MEX
-- 751145101
-- MMAG
-- 001919
-- 082 S479 V.282
-- 20200729LIV
Exemplaires
Estatus retirado Estado de daño Estado de pérdida Fecha de adquisición Biblioteca de origen Biblioteca actual Ubicación en estantería Código de barras Precio de reemplazo Signatura topográfica completa No para préstamo Tipo de ítem Koha Nota pública Nota no pública
      05/08/2025 Casa México Paris Casa México Paris   001919 05/08/2025 082 S479 V.282   Livre 20200729LIV 751145101